Přeskočit na obsah

Проблема реконструкции корпораций в условиях кризисов Статья

Uloženo v:
Podrobná bibliografie
Hlavní autor: Трынкин В.В
Médium: Статья
On-line přístup:https://znanium.com/catalog/document?id=86915
https://znanium.com/cover/0475/475067.jpg
Tagy: Přidat tag
Žádné tagy, Buďte první, kdo otaguje tento záznam!
LEADER 01178nam0a2200241 i 4500
001 RU\infra-m\znanium\bibl\475067
003 https://znanium.com/catalog/document?id=86915
005 20211203000000.0
100 |a 20211203d2014 m y0rusy0150 ca 
101 0 |a rus 
102 |a RU 
200 1 |a Проблема реконструкции корпораций в условиях кризисов  |e Статья 
210 1 |a Москва  |c Издательский центр "Науковедение"  |d 2014 
215 |a 12 с. 
333 |a Аспирантура 
606 |a Экономика. Бухгалтерский учет. Финансы  |x Теория и история экономики  |2 local 
608 |a Статья  |2 local 
675 |a 338  |z rus 
686 |a 65  |2 rubbk 
700 1 |a Трынкин  |b В.В. 
801 0 |a RU  |b Общество с ограниченной ответственностью «ЗНАНИУМ»  |c 20140625  |2 rusmarc 
856 4 |a znanium.com  |m ebs_support@infra-m.ru  |n НИЦ ИНФРА-М  |u https://znanium.com/catalog/document?id=86915 
856 4 1 |a znanium.com  |d /cover/0475  |f 475067.jpg  |q image/jpeg  |u https://znanium.com/cover/0475/475067.jpg